000 00862nam a22002537a 4500
005 20170124110214.0
010 _a004623
020 _c00.00
035 _a004623
037 _bCen Lib/Ret
040 _aDPL
_bEN
082 _a022
_bPLA
245 _aPlanning the university library building :
_cedited by John E. Burchard, Charles W. David [and] Julian P. Boyd
_ba summary of discussions by librarians, architects, and engineers, /
260 _aNew Jersey
_bPrinceton University Press
_c1949
270 _aNew Jersey
_bNew Jersey
300 _axvii,145p.
_c21cm(Hb)
500 _aIncludes index
650 _aAcademic libraries
_92640
650 _aLibrary architecture
_938709
700 _aBurchard, John E.
_9105192
700 _aDavid, Charles W.
_938710
700 _a Boyd, Julian P.
_938711
942 _2ddc
_cEN
_h022
_mPLA
999 _c133709
_d133709